[Event "JUG-chT Cetinje"]
[Site "Cetinje"]
[Date "1990.??.??"]
[Round "1"]
[White "Miladinovic, Igor"]
[Black "Simic, Dusan"]
[Result "1-0"]
[WhiteElo "2360"]
[BlackElo "2245"]

1.d4 Nf6 2.c4 g6 3.Nc3 Bg7 4.e4 d6 5.Nf3 O-O 6.Be2 e5 7.O-O Nc6 8.d5 Ne7
9.Ne1 Nd7 10.Nd3 f5 11.f3 f4 12.g4 fxg3 13.hxg3 a5 14.Be3 b6 15.Kg2 Nf6 16.Qd2 h5
17.Rh1 Bd7 18.b3 Rf7 19.Nf2 Qc8 20.a3 Bf8 21.Rac1 Qd8 22.b4 axb4 23.axb4 c5
24.dxc6 Bxc6 25.Rhd1 Nc8 26.c5 Rd7 27.Bc4+ Kh8 28.Be6 bxc5 29.Bxd7 Qxd7 30.bxc5 dxc5
31.Qxd7 Nxd7 32.Nd5 Kg7 33.Nc7 Ra5 34.Ne6+ Kg8 35.Nxf8  1-0

[Event "JUG-chT Cetinje"]
[Site "Cetinje"]
[Date "1990.??.??"]
[Round "1"]
[White "Maric, Alisa"]
[Black "Nikolin, Zorica"]
[Result "1-0"]
[WhiteElo "2365"]
[BlackElo "2220"]

1.d4 Nf6 2.c4 g6 3.Nc3 Bg7 4.e4 d6 5.Nf3 O-O 6.Be2 e5 7.O-O Nc6 8.Be3 Ng4
9.Bg5 f6 10.Bh4 g5 11.Bg3 Nh6 12.dxe5 fxe5 13.h3 Nf7 14.Nd2 Nh8 15.Bg4 Ng6
16.Bxc8 Rxc8 17.Nb3 Nf4 18.Nd5 Ne7 19.Rc1 b6 20.Nxe7+ Qxe7 21.Rc2 Kh8 22.Bxf4 exf4
23.f3 Be5 24.Nd4 Qf6 25.Rd2 Rce8 26.b3 Bxd4+ 27.Rxd4 Re5 28.Rd5 Rd8 29.Qa1 c6
30.Rd2 Kg7 31.Rfd1 Re6 32.Qc1 a5 33.Rd3 Qe5 34.Qd2 Kf6 35.Qf2 Qc5 36.Rd4 h6
37.Kf1 Qe5 38.R4d3 Qc5 39.Qe1 Qe5 40.a3 h5 41.b4 axb4 42.Qxb4 g4 43.Qxb6 Rg8
44.fxg4 hxg4 45.Qxc6 gxh3 46.Rxh3 Qg5 47.Rd2 Rb8 48.Qd5 Qxd5 49.exd5 Rb1+
50.Kf2 Ree1 51.Kf3 Kg5 52.Rh8 Rb3+ 53.Kf2 Rc1 54.Rd8 Rxc4 55.Rxd6 Rxa3 56.Rd8 Rcc3
57.d6 Rd3 58.Rxd3 Rxd3 59.d7 Kf6 60.Rf8+ Ke7 61.d8=Q+ Rxd8 62.Rxd8 Kxd8 63.Kf3  1-0

[Event "JUG-chT Cetinje"]
[Site "Cetinje"]
[Date "1990.??.??"]
[Round "3"]
[White "Cebalo, Miso"]
[Black "Ivanovic, Bozidar"]
[Result "1-0"]
[WhiteElo "2525"]
[BlackElo "2520"]

1.Nf3 Nf6 2.c4 g6 3.Nc3 Bg7 4.d4 O-O 5.e4 d6 6.Be2 e5 7.O-O Nc6 8.Be3 Ng4
9.Bg5 f6 10.Bc1 f5 11.Bg5 Bf6 12.Bxf6 Nxf6 13.exf5 gxf5 14.dxe5 dxe5 15.Qxd8 Rxd8
16.Nd5 Ne8 17.Rfd1 Be6 18.Kf1 Kg7 19.Ng5 Bg8 20.f4 e4 21.Ne3 h6 22.Nxf5+ Kg6
23.Nh4+ Kg7 24.Nxe4 Nf6 25.Nf5+ Kg6 26.Nxf6 Kxf5 27.Nxg8 Rxg8 28.Rd5+ Kxf4
29.Kf2 Raf8 30.Bf3 Rf5 31.Re1 Re5 32.Re4+ Kf5 33.Rh4 Rg6 34.Rd7 Ra5 35.Rxc7 Rxa2
36.Rxb7 Ne5 37.g3 Rb6 38.Rh5+ Kf6 39.Rxh6+ Kg5 40.Rhxb6 axb6 41.Rxb6 Nxc4
42.h4+ Kf5 43.g4+ Kf4 44.Rf6+ Ke5 45.Rf5+ Kd6 46.Kg3 Rxb2 47.Rf4 Ne5 48.g5 Rb8
49.h5 Ke7 50.g6 Rc8 51.Bd5 Kd6 52.Ba2 Rc1 53.Rf2 Rc3+ 54.Kh4 Rc7 55.Rf6+ Kc5
56.h6 Ra7 57.Rf5 Kd4 58.Rxe5 Kxe5 59.h7 Ra4+ 60.Kg5  1-0

[Event "JUG-chT Cetinje"]
[Site "Cetinje"]
[Date "1990.??.??"]
[Round "6"]
[White "Miladinovic, Igor"]
[Black "Todorovic, Jovan"]
[Result "1-0"]
[WhiteElo "2360"]
[BlackElo "2285"]

1.d4 Nf6 2.Nf3 g6 3.c4 Bg7 4.Nc3 d6 5.e4 O-O 6.Be2 e5 7.O-O Nc6 8.d5 Ne7
9.Ne1 Nd7 10.Nd3 f5 11.f3 f4 12.g4 c5 13.Bd2 Kh8 14.Be1 Ng8 15.Bf2 Nh6 16.Rb1 a5
17.a3 Nf7 18.b4 axb4 19.axb4 b6 20.Ra1 Rxa1 21.Qxa1 h5 22.h3 Bf6 23.Nb5 Kg7
24.Kg2 Rh8 25.Na7 Nf8 26.Nxc8 Qxc8 27.Qa7 Qd8 28.bxc5 bxc5 29.Rb1 hxg4 30.hxg4 Bh4
31.Rb7 Qf6 32.Kf1 Bxf2 33.Nxf2 Nh7 34.g5 Nxg5 35.Re7 Rh4 36.Bd1 Nh3 37.Ba4 Ng5
38.Kg2 Kh6 39.Qd7 Nxf3 40.Rxf7 Rh2+ 41.Kxf3 Rxf2+ 42.Kxf2 Qh4+ 43.Ke2 Qh2+
44.Kd3 Qg3+ 45.Kc2 Qf2+ 46.Kb3 Qe3+ 47.Kb2 Qd4+ 48.Kb1 Qxe4+ 49.Ka2  1-0

[Event "JUG-chT Cetinje"]
[Site "Cetinje"]
[Date "1990.??.??"]
[Round "9"]
[White "Averkin, Orest N"]
[Black "Tosic, Miroslav"]
[Result "1/2-1/2"]
[WhiteElo "2465"]
[BlackElo "2375"]

1.d4 Nf6 2.Nf3 g6 3.c4 Bg7 4.Nc3 O-O 5.e4 d6 6.Be2 e5 7.O-O Nc6 8.d5 Ne7
9.Ne1 Nd7 10.Nd3 f5 11.Bd2 Kh8 12.f3 Ng8 13.b4 Ndf6 14.g4 Bd7 15.a4 Rf7 16.a5 a6
17.Kh1 Qe7 18.Rg1 h6 19.Rc1 fxg4 20.fxg4 Nh7 21.Qe1 Bf6 22.Rf1 Raf8 23.Qg3 Bg5
24.Rxf7 Rxf7 25.Be3 Bxe3 26.Qxe3 Qh4 27.Rg1 Ng5 28.Rg3 Nf6 29.Nf2 Kg7 30.c5 Ne8
31.Nd3 Nf6 32.Nf2 Ne8 33.Nd3 Nf6 34.Nf2  1/2-1/2

[Event "Cheliabinsk-A"]
[Site "Cheliabinsk"]
[Date "1990.??.??"]
[Round "?"]
[White "Ulibin, Mikhail"]
[Black "Enhbat, P."]
[Result "1-0"]
[WhiteElo "2460"]
[BlackElo "2200"]

1.Nf3 Nf6 2.c4 g6 3.Nc3 Bg7 4.e4 d6 5.d4 O-O 6.Be2 e5 7.O-O Nc6 8.d5 Ne7
9.Nd2 a5 10.a3 Nd7 11.Rb1 f5 12.b4 Nf6 13.f3 Kh8 14.c5 Neg8 15.Nc4 axb4 16.axb4 Bh6
17.b5 Bxc1 18.Qxc1 fxe4 19.fxe4 Nd7 20.Rxf8 Qxf8 21.b6 Nxc5 22.bxc7 Nf6 23.Qe3 Bd7
24.Nb6 Ra3 25.Rf1 Kg7 26.Rxf6  1-0

[Event "Cheliabinsk-B"]
[Site "Cheliabinsk"]
[Date "1990.??.??"]
[Round "?"]
[White "Gleizerov, Evgeny"]
[Black "Enhbat, Tegshsuren"]
[Result "1-0"]
[WhiteElo "2465"]
[BlackElo "2200"]

1.d4 Nf6 2.c4 g6 3.Nc3 Bg7 4.e4 d6 5.Be2 O-O 6.Nf3 e5 7.O-O Nc6 8.d5 Ne7
9.Nd2 a5 10.a3 Bd7 11.Rb1 a4 12.b4 axb3 13.Nxb3 b6 14.Ra1 Ne8 15.a4 f5 16.f3 f4
17.Bd2 g5 18.a5 Nf6 19.g4 h5 20.h3 hxg4 21.hxg4 Kf7 22.axb6 cxb6 23.Rxa8 Qxa8
24.Qa1 Qb8 25.Rf2 Rh8 26.Be1 Rh6 27.Rh2 Rxh2 28.Kxh2 Be8 29.Qa6 Nd7 30.Nb5 Bf8
31.Kg2 Nc8 32.Bb4 Kg7 33.Bd1 Be7 34.Bc3 Bf6 35.Bc2 Kg6 36.Bd3 Nc5 37.Nxc5 dxc5
38.Bc2 Nd6 39.Nxd6 Qxd6 40.Ba4 Bxa4 41.Qxa4 Kf7 42.Qa7+ Ke8 43.Qh7 Kd8 44.Kf2 Kc8
45.Qf5+ Kc7 46.Ke2 Kb7 47.Kd3 b5 48.cxb5 c4+ 49.Kxc4 Be7 50.Kd3 Qc5 51.Qd7+  1-0

[Event "Cheliabinsk-A"]
[Site "Cheliabinsk"]
[Date "1990.??.??"]
[Round "?"]
[White "Maksimovic, Branimir"]
[Black "Timoshenko, Georgy"]
[Result "0-1"]
[WhiteElo "2375"]
[BlackElo "2515"]

1.d4 Nf6 2.c4 g6 3.Nc3 Bg7 4.e4 d6 5.Be2 O-O 6.Nf3 e5 7.O-O Nc6 8.d5 Ne7
9.Ne1 Nd7 10.Nd3 f5 11.Bd2 Kh8 12.b4 Nf6 13.f3 f4 14.g4 Neg8 15.c5 h5 16.h3 Ne8
17.Kg2 Nh6 18.Rc1 Nf7 19.a4 Bf6 20.a5 Kg7 21.Nb5 Bd7 22.c6 bxc6 23.dxc6 Be6
24.Nc3 Bh4 25.Be1 Bxe1 26.Qxe1 hxg4 27.hxg4 Ng5 28.b5 Nf6 29.Qh4 Nxg4 30.fxg4 Rh8
31.Qf2 Rh3 32.Nxf4 exf4 33.Qxf4 Qe7 34.e5 Rah8 35.Qf6+ Qxf6 36.exf6+ Kf7
37.Rh1 Rxh1 38.Rxh1 Rxh1 39.Kxh1 Kxf6 40.Kh2 Ke5 41.Kg3 d5 42.Kh4 Nf7 43.Na4 Kd6
44.Nb2 d4 45.g5 Kc5 46.Nd3+ Kxb5 47.Ne5+ Kxa5 48.Nxg6 Kb4 49.Nf4 Bb3 50.g6 Ne5
51.Ba6 Nxg6+ 52.Nxg6 Bc4 53.Bc8 a5 54.Ne5 a4 55.Nxc4 Kxc4 56.Kg3 a3 57.Be6+ Kc3
58.Kf2 d3 59.Ke1 Kc2  0-1

[Event "USA Masters"]
[Site "Chicago"]
[Date "1990.??.??"]
[Round "6"]
[White "Morris, Walter D"]
[Black "Basin, Leonid"]
[Result "1/2-1/2"]
[WhiteElo "2345"]
[BlackElo "2435"]

1.c4 g6 2.Nc3 Bg7 3.Nf3 Nf6 4.e4 d6 5.d4 O-O 6.Be2 e5 7.O-O Nc6 8.d5 Ne7
9.Ne1 Nd7 10.Nd3 f5 11.Bd2 Nf6 12.f3 Kh8 13.Qc2 Neg8 14.c5 Bh6 15.Rac1 Bxd2
16.Qxd2 f4 17.cxd6 cxd6 18.Nb5 Ne8 19.a4 g5 20.Nf2 h5 21.a5 Ngf6 22.h3 Rg8
23.Qb4 g4 24.fxg4 hxg4 25.Bxg4 Bxg4 26.Nxg4 Nxg4 27.hxg4 Rxg4 28.Rc3 Rc8
29.Rf2 a6 30.Rxc8 Qxc8 31.Nc3 Rg3 32.Qb6 Rg8 33.Rf3 Qg4 34.Qf2 Rg7 35.Kf1 Nf6
36.Rh3+ Kg8 37.Rh2 Qg6 38.Qb6 Rd7 39.Qa7 Ng4 40.Qb8+ Kg7 41.Rh8 Ne3+ 42.Ke1 Qg3+
43.Kd2 Qf2+ 44.Ne2 Nf1+ 45.Kd1 Ne3+ 46.Kd2 Nc4+ 47.Kc3 Qe3+ 48.Kxc4 Qxe2+
49.Kb3 Qb5+ 50.Ka3 Qxa5+ 51.Kb3 Qb5+ 52.Ka3 Qa5+ 53.Kb3  1/2-1/2

[Event "Copenhagen AS04"]
[Site "Copenhagen"]
[Date "1990.??.??"]
[Round "5"]
[White "Auchenberg, Per"]
[Black "Olesen, Martin"]
[Result "1-0"]
[WhiteElo "2230"]
[BlackElo "2250"]

1.d4 g6 2.c4 Nf6 3.Nc3 Bg7 4.e4 d6 5.Nf3 O-O 6.Be2 e5 7.O-O Nc6 8.d5 Ne7
9.Ne1 Nd7 10.Be3 f5 11.f3 f4 12.Bf2 Nf6 13.c5 g5 14.Rc1 Ng6 15.cxd6 cxd6
16.Nb5 g4 17.Nc7 g3 18.hxg3 fxg3 19.Bxg3 Nh5 20.Bf2 Qg5 21.Nxa8 Nhf4 22.Bxa7 Bh3
23.Rf2 Rxa8 24.Be3 Bd7 25.Bxf4 Nxf4 26.Nd3 Nh3+ 27.Kf1 Nxf2 28.Nxf2 Rxa2
29.Rc7 Qd8 30.Qc1 Ra7 31.Nd1 Kh8 32.Kg1 Bc6 33.Rxg7 Kxg7 34.dxc6 bxc6 35.Qxc6 Qh4
36.Nf2 Ra1+ 37.Bf1 Qe7 38.Qc2 Qb7 39.Qe2 Qb6 40.f4 exf4 41.Qg4+ Kh8 42.Qxf4 Kg7
43.e5 dxe5 44.Qxe5+ Kg8 45.b4 Rxf1+ 46.Kxf1 Qxb4 47.Qg5+ Kh8 48.Qf6+ Kg8
49.Kg1 Qc5 50.Kh2 Qh5+ 51.Nh3 h6 52.Kg3 Kh7 53.Nf4 Qe8 54.Qf5+ Kh8 55.Qe6 Qa4
56.Qxh6+ Kg8 57.Qe6+ Kh8 58.Kg4 Qd1+ 59.Kg5 Qd2 60.g4 Kh7 61.Qd5 Qc1 62.Qd7+ Kh8
63.Kg6 Qb1+ 64.Kh6 Qh1+ 65.Nh5 Qc1+ 66.g5  1-0

[Event "Copenhagen op"]
[Site "Copenhagen"]
[Date "1990.??.??"]
[Round "9"]
[White "Lerner, Konstantin Z"]
[Black "Schmidt, Wlodzimierz"]
[Result "1-0"]
[WhiteElo "2560"]
[BlackElo "2465"]

1.Nf3 Nf6 2.c4 g6 3.Nc3 Bg7 4.e4 d6 5.d4 O-O 6.Be2 e5 7.O-O Nc6 8.d5 Ne7
9.Nd2 a5 10.a3 Bd7 11.b3 c5 12.Rb1 Ne8 13.b4 axb4 14.axb4 b6 15.bxc5 bxc5
16.Nb3 f5 17.Bg5 Nf6 18.Ra1 h6 19.Bxf6 Bxf6 20.Rxa8 Qxa8 21.Qc2 Qd8 22.Ra1 fxe4
23.Nxe4 Bf5 24.Bd3 Bg7 25.Nbd2 Bxe4 26.Nxe4 Nf5 27.Qa4 Qe7 28.Rb1 Rf7 29.Qa6 h5
30.g3 Qd8 31.h4 Bf8 32.Ng5 Rd7 33.Bc2 Qf6 34.Bxf5 gxf5 35.Rb8 e4 36.Ne6 Rf7
37.Qxd6  1-0

[Event "Obro-B"]
[Site "Copenhagen"]
[Date "1990.??.??"]
[Round "9"]
[White "Brinck Claussen, Bjorn"]
[Black "Borge, Nikolaj"]
[Result "1-0"]
[WhiteElo "2395"]
[BlackElo "2340"]

1.d4 Nf6 2.c4 g6 3.Nc3 Bg7 4.e4 O-O 5.Nf3 d6 6.Be2 e5 7.O-O Nc6 8.d5 Ne7
9.Nd2 Nd7 10.b4 a5 11.bxa5 f5 12.Nb3 Nf6 13.f3 c5 14.dxc6 bxc6 15.Qc2 Be6
16.Ba3 Nc8 17.Rad1 Rf7 18.Bxd6 Rd7 19.c5 Ne8 20.Na4 Nexd6 21.cxd6 Rxd6 22.Qc3 fxe4
23.fxe4 Qh4 24.Bc4 Bxc4 25.Qxc4+ Kh8 26.Nb6 Nxb6 27.axb6 Rxd1 28.Rxd1 Rd8
29.Rf1 Bh6 30.Qc3 Qxe4 31.Re1 Qf5 32.b7 Bg7 33.Qxc6 Rf8 34.Qf3 Qd7 35.Qxf8+ Bxf8
36.b8=Q  1-0

[Event "Dieren op"]
[Site "Dieren"]
[Date "1990.??.??"]
[Round "7"]
[White "Hoeksema, Hendrik Pieter"]
[Black "Van Wely, Loek"]
[Result "0-1"]
[WhiteElo "2365"]
[BlackElo "2400"]

1.d4 Nf6 2.c4 g6 3.Nc3 Bg7 4.e4 O-O 5.Nf3 d6 6.Be2 e5 7.O-O Nc6 8.d5 Ne7
9.Ne1 Nd7 10.Nd3 f5 11.Bd2 Nf6 12.f3 Kh8 13.Rc1 c5 14.g4 a6 15.Nf2 h6 16.h4 Neg8
17.Kg2 fxg4 18.fxg4 Nh7 19.Rh1 Bf6 20.g5 hxg5 21.h5 Qe8 22.Be3 Bd8 23.Qa4 Bd7
24.Qa3 g4 25.hxg6 Qxg6 26.b4 b6 27.bxc5 bxc5 28.Rb1 Bg5 29.Bxg5 Qxg5 30.Qc1 Qg6
31.Rb6 Rf6 32.Nd3 Raf8 33.Rxa6 g3 34.Qe3 Qg7 35.Bh5 Nh6 36.Qxg3 Ng4 37.Ra7 Ne3+
38.Kh2 Qh6 39.Rxd7 Qxh5+ 40.Qh3 Qxh3+ 41.Kxh3 Rh6+ 42.Kg3 Rxh1  0-1

[Event "Dieren op"]
[Site "Dieren"]
[Date "1990.??.??"]
[Round "7"]
[White "De Boer, Gert Jan"]
[Black "Reinderman, Dimitri"]
[Result "1/2-1/2"]
[WhiteElo "2400"]
[BlackElo "2245"]

1.d4 Nf6 2.c4 g6 3.Nc3 Bg7 4.e4 d6 5.Be2 O-O 6.Nf3 e5 7.O-O Nc6 8.d5 Ne7
9.Nd2 c5 10.Rb1 b6 11.b4 cxb4 12.Rxb4 Nd7 13.Rb1 f5 14.f3 Bh6 15.Nb3 Bxc1
16.Qxc1 f4 17.a4  1/2-1/2

[Event "Dieren op"]
[Site "Dieren"]
[Date "1990.??.??"]
[Round "8"]
[White "Van Laatum, Gozewijn"]
[Black "Uhlmann, Wolfgang"]
[Result "1/2-1/2"]
[WhiteElo "2290"]
[BlackElo "2505"]

1.d4 Nf6 2.c4 g6 3.Nc3 Bg7 4.e4 d6 5.Nf3 O-O 6.Be2 e5 7.O-O Nc6 8.d5 Ne7
9.Nd2 a5 10.Rb1 Bd7 11.b3 c5 12.a3 b6 13.b4 axb4 14.axb4 Bh6 15.Qb3 Ne8 16.bxc5 bxc5
17.Qb6 Qc8 18.Nf3 Bxc1 19.Rfxc1 f5 20.Bd3 Ra6 21.Qb7 Nf6 22.Ng5 Qxb7 23.Rxb7 Rfa8
24.Ne6 Ra1 25.Rf1 R1a3 26.Rc1 Ra1 27.Rf1 R1a3 28.Rc1  1/2-1/2

[Event "Dortmund-B"]
[Site "Dortmund"]
[Date "1990.??.??"]
[Round "?"]
[White "Skembris, Spyridon"]
[Black "Vogt, Lothar"]
[Result "1/2-1/2"]
[WhiteElo "2470"]
[BlackElo "2500"]

1.d4 d6 2.Nf3 Nf6 3.c4 g6 4.Nc3 Bg7 5.e4 O-O 6.Be2 e5 7.O-O Nc6 8.d5 Ne7
9.Bg5 h6 10.Bxf6 Bxf6 11.b4 Bg7 12.Rc1 c5 13.bxc5 dxc5 14.Ne1 Bd7 15.Nd3 b6
16.a4 Nc8 17.Nb5 a6 18.Nc3 Qc7 19.a5 b5 20.d6 Qxd6 21.Nxc5 Qxc5 22.Qxd7 bxc4
23.Qd5 Qxd5 24.Nxd5 Nd6 25.f3  1/2-1/2

[Event "Dortmund op"]
[Site "Dortmund"]
[Date "1990.??.??"]
[Round "3"]
[White "Nickl, Klaus"]
[Black "Uhlmann, Wolfgang"]
[Result "0-1"]
[WhiteElo "2255"]
[BlackElo "2505"]

1.d4 Nf6 2.c4 g6 3.Nc3 Bg7 4.e4 d6 5.Nf3 O-O 6.Be2 e5 7.O-O Nc6 8.d5 Ne7
9.Ne1 Nd7 10.Nd3 f5 11.f3 f4 12.Bd2 g5 13.Qc2 h5 14.h3 Nf6 15.Nf2 c5 16.a3 Rf7
17.b4 b6 18.bxc5 bxc5 19.Rfb1 Bf8 20.Qd1 Rg7 21.Rb3 Ng6 22.Be1 Nh8 23.Rab1 Nf7
24.Rb8 Rxb8 25.Rxb8 Nh6 26.Qa4 Nd7 27.Rb3 g4 28.hxg4 Nb6 29.Qa5 hxg4 30.fxg4 Nxg4
31.Ncd1 Nxf2 32.Nxf2 Qg5 33.g3 fxg3 34.Nd1 Qh4  0-1

[Event "Dresden (Women)"]
[Site "Dresden"]
[Date "1990.??.??"]
[Round "?"]
[White "Geissler, Grit"]
[Black "Lauterbach, Ingrid"]
[Result "1/2-1/2"]
[WhiteElo "2065"]
[BlackElo "2130"]

1.d4 d6 2.Nf3 Nf6 3.c4 g6 4.Nc3 Bg7 5.e4 O-O 6.Be2 e5 7.O-O Nc6 8.Be3 Ng4
9.d5 Ne7 10.Bd2 f5 11.Nh4 Nf6 12.exf5 gxf5 13.f4 e4 14.g3 c6 15.Be1 Qb6+
16.Bf2 Qxb2 17.Na4 Qa3 18.Bd4 cxd5 19.Bb2 Qe3+ 20.Kh1 Bd7 21.Ng2 Bxa4 22.Nxe3 Bxd1
23.Rfxd1 b6 24.Rab1 Rac8 25.Bxf6 Rxf6 26.Nxd5 Nxd5 27.Rxd5 Rc5 28.Rbd1 Bf8
29.Kg2 Kg7 30.a4 Kg6 31.Kf2 Rf7 32.Ke3 Rfc7 33.R1d4 Rxd5 34.Rxd5 Rc5 35.g4 Rxd5
36.cxd5 Bg7 37.gxf5+ Kxf5 38.h3 a6 39.Bxa6 Bb2 40.Bc8+ Kf6 41.Kxe4 h6  1/2-1/2

[Event "Dresden (Women)"]
[Site "Dresden"]
[Date "1990.??.??"]
[Round "?"]
[White "Muresan, Margareta"]
[Black "Lauterbach, Ingrid"]
[Result "1-0"]
[WhiteElo "2195"]
[BlackElo "2130"]

1.d4 d6 2.Nf3 g6 3.c4 Bg7 4.Nc3 Nf6 5.e4 O-O 6.Be2 e5 7.O-O Nc6 8.Be3 exd4
9.Nxd4 Re8 10.f3 Nd7 11.Nc2 Nb6 12.Qd2 Be6 13.b3 f5 14.Rad1 Rf8 15.exf5 Bxf5
16.Rfe1 Bxc2 17.Qxc2 Qh4 18.Ne4 Bd4 19.Bxd4 Nxd4 20.Qc3 Nxe2+ 21.Rxe2 Qe7
22.Rde1 d5 23.cxd5 Nxd5 24.Qc4 c6 25.Nc5 Qf7 26.Ne6 Nf4 27.Re4 Nxe6 28.Rxe6 Rad8
29.Qc5 Rd2 30.Qc3 Rd7 31.Qe3 a6 32.Qc3 Qg7 33.R1e5 Qh6 34.Qc4 Rdf7 35.Re7 Qf4
36.Qxf4 Rxf4 37.Rxb7 Rd4 38.Ree7 Rd1+ 39.Kf2 Rfd8 40.Rg7+ Kf8 41.Rxh7 Kg8
42.Rhg7+ Kf8 43.Rxg6 R1d2+ 44.Kg3 Rxa2 45.Rxc6 Ra5 46.h4 Kg8 47.Rg6+ Kh8
48.Rg5 Ra3 49.Rh5+ Kg8 50.Rc5 Kh8 51.Rcc7 Ra5 52.Rh7+ Kg8 53.h5 Rg5+ 54.Kh3 Rdd5
55.g4 Rd3 56.Kh4 Rc5 57.h6  1-0

[Event "ESP-chT"]
[Site "?"]
[Date "1990.??.??"]
[Round "?"]
[White "Estremera Panos, Sergio"]
[Black "Villavicencio, Adalberto"]
[Result "0-1"]
[WhiteElo "2305"]
[BlackElo "2320"]

1.d4 Nf6 2.c4 g6 3.Nc3 Bg7 4.e4 d6 5.Nf3 O-O 6.Be2 e5 7.O-O Nc6 8.d5 Ne7
9.Nd2 a5 10.a3 Nd7 11.Rb1 f5 12.b4 Kh8 13.Qc2 Ng8 14.exf5 gxf5 15.f4 exf4
16.Nf3 axb4 17.axb4 Ne7 18.Bxf4 Ng6 19.Bg5 Nf6 20.Bd3 Qd7 21.Nb5 Nh5 22.g4 fxg4
23.Bxg6 gxf3 24.Bxh5 Qh3 25.Bxf3 Rxf3 26.Rxf3 Qxf3 27.Rf1 Ra1 28.Rxa1 Bxa1
29.Bh4 c6 30.Nxd6 Bh3 31.Qf2 Qd1+  0-1

[Event "ESP-chT"]
[Site "?"]
[Date "1990.??.??"]
[Round "?"]
[White "Corral Blanco, Juan A"]
[Black "Brito, Alfredo"]
[Result "1/2-1/2"]
[WhiteElo "2360"]
[BlackElo "2310"]

1.d4 Nf6 2.c4 g6 3.Nc3 Bg7 4.e4 d6 5.Nf3 O-O 6.Be2 e5 7.O-O Nc6 8.d5 Ne7
9.b4 a5 10.Ba3 Nh5 11.c5 f5 12.bxa5 Nf4 13.Nd2 fxe4 14.Ndxe4 Nf5 15.Re1 Rf7
16.cxd6 Nxd6 17.Bg4 Nxe4 18.Nxe4 Bxg4 19.Qxg4 Rxa5 20.Bc1 Rxd5 21.Be3 Qd7
22.Qxd7 Rfxd7 23.Nc3 Rd3 24.Ne4 b6 25.a4 Ne6 26.a5 bxa5 27.Rxa5 Kf7 28.Kf1 R3d5
29.Ra6 Bf8 30.Rc1 Rd1+ 31.Rxd1 Rxd1+ 32.Ke2 Rd8 33.Ra5 Bg7 34.Bd2 Ke7 35.Bb4+ Kd7
36.Bc3 Re8 37.g3 Kc6 38.Ke3 Kb6 39.Rd5 Kc6 40.Ra5 Bh6+ 41.Kd3 Bg7 42.Kc4 Nd4
43.Ra6+ Kd7 44.Bxd4 exd4 45.Nc5+ Ke7 46.Re6+ Kf7 47.Rxe8 Kxe8 48.Ne6 Be5
49.f4  1/2-1/2

[Event "ESP-ch"]
[Site "ESP"]
[Date "1990.??.??"]
[Round "5"]
[White "Garcia Ilundain, David"]
[Black "Pablo Marin, Alejandro"]
[Result "1-0"]
[WhiteElo "2325"]
[BlackElo "2375"]

1.d4 Nf6 2.Nf3 g6 3.c4 Bg7 4.Nc3 O-O 5.e4 d6 6.Be2 e5 7.O-O Nc6 8.d5 Ne7
9.Nd2 a5 10.a3 Nd7 11.Rb1 f5 12.b4 Kh8 13.f3 Ng8 14.Qc2 axb4 15.axb4 Ndf6
16.c5 Nh6 17.Nc4 f4 18.b5 dxc5 19.b6 Ne8 20.bxc7 Nxc7 21.Nb6 Ra5 22.Nca4 Rf6
23.Bd2 Ra7 24.Nxc5 Na8 25.Nxc8 Qxc8 26.Rfc1 Rb6 27.Rxb6 Nxb6 28.Qb2 Nd7 29.Ne6 Qa8
30.Nxg7 Kxg7 31.Bxf4 Ra2 32.Qb5 exf4 33.Qxd7+ Nf7 34.Bf1 Qa7+ 35.Kh1 Ra1
36.Qc7 Qa3 37.Rxa1 Qxa1 38.Qc4 Nd6 39.Qe2 Kf6 40.g3 g5 41.gxf4 gxf4 42.Qf2 Nc4
43.Qh4+ Kg6 44.Qg4+ Kh6 45.Qxf4+ Kg6 46.Kg2 Qb2+ 47.Kg3 Ne5 48.Bh3 Nd3 49.Qf5+ Kg7
50.Qd7+ Kh6 51.Qe6+ Kg7 52.Qe7+ Kh6 53.Qf8+  1-0

[Event "FRA-chT"]
[Site "FRA"]
[Date "1990.??.??"]
[Round "?"]
[White "Flear, Glenn C"]
[Black "Bernard, Christophe"]
[Result "1/2-1/2"]
[WhiteElo "2470"]
[BlackElo "2340"]

1.d4 Nf6 2.c4 g6 3.Nc3 Bg7 4.e4 d6 5.Be2 O-O 6.Nf3 e5 7.O-O Nc6 8.d5 Ne7
9.Nd2 c5 10.Rb1 Ne8 11.b4 b6 12.bxc5 bxc5 13.Nb3 Kh8 14.Qc2 f5 15.f4 exf4
16.Bxf4 fxe4 17.Nxe4 Bf5 18.g4 Bxe4 19.Qxe4 Nc8 20.Qe3 Nb6 21.Rbe1 Qd7 22.Qh3 Nf6
23.Bd3 Nxg4 24.Bxg6 Nh6 25.Qxd7 Nxd7 26.Re7 Ne5 27.Bxe5 Rxf1+ 28.Kxf1 Bxe5
29.Rxh7+ Kg8 30.Rxh6 Kg7 31.Rh3 Kxg6 32.Nc1 Rf8+ 33.Kg2 Rf4 34.Nd3 Rxc4 35.Nxe5+ dxe5
36.Rd3 Rc2+ 37.Kg3 Kf7 38.Ra3 Ke7 39.Rxa7+ Kd6 40.h4 c4 41.h5 Rc1 42.Kg2 Rc2+
43.Kg3 Rc1 44.Kg2  1/2-1/2

[Event "Frankfurt"]
[Site "Frankfurt"]
[Date "1990.??.??"]
[Round "?"]
[White "Kohlweyer, Bernd"]
[Black "Degenhardt, Horst"]
[Result "1/2-1/2"]
[WhiteElo "2395"]
[BlackElo "2350"]

1.d4 Nf6 2.c4 g6 3.Nc3 Bg7 4.e4 d6 5.Be2 O-O 6.Nf3 e5 7.O-O Nc6 8.d5 Ne7
9.Bg5 h6 10.Bxf6 Bxf6 11.b4 Bg7 12.c5 f5 13.Bd3 Rf7 14.Rc1 a6 15.a4 Kh8 16.Nd2 Ng8
17.cxd6 cxd6 18.a5 b5 19.axb6 Qxb6  1/2-1/2

[Event "Frankfurt"]
[Site "Frankfurt"]
[Date "1990.??.??"]
[Round "?"]
[White "Epishin, Vladimir"]
[Black "Uhlmann, Wolfgang"]
[Result "1-0"]
[WhiteElo "2550"]
[BlackElo "2505"]

1.d4 Nf6 2.c4 g6 3.Nc3 Bg7 4.e4 d6 5.Nf3 O-O 6.Be2 e5 7.O-O Nc6 8.d5 Ne7
9.Nd2 Nd7 10.b4 Bh6 11.c5 f5 12.Nb5 Nf6 13.Nxc7 Bxd2 14.cxd6 Qxd6 15.Nb5 Qd8
16.Bxd2 a6 17.Nc3 fxe4 18.Bg5 Kg7 19.d6 Neg8 20.Nxe4 Be6 21.Nxf6 Nxf6 22.Bc1 h6
23.Qd2 g5 24.Bb2 Nd7 25.Rac1 Qf6 26.Rc7 b5 27.Bf3 Rad8 28.Re1 Kg8 29.Bc6 Qf4
30.Qxf4 Rxf4 31.a3 Rc4 32.h3 Nb8 33.Bf3 Nd7 34.Bb7 Rb8 35.Bxe5 Nxe5 36.Rxe5 Rxc7
37.dxc7 Rxb7 38.Rxe6 Rxc7 39.Rxh6  1-0

[Event "Arnold Cup"]
[Site "Gausdal"]
[Date "1990.??.??"]
[Round "1"]
[White "Hansen, Lars Bo"]
[Black "Berg, Klaus"]
[Result "1/2-1/2"]
[WhiteElo "2460"]
[BlackElo "2410"]

1.Nf3 Nf6 2.c4 g6 3.Nc3 Bg7 4.e4 d6 5.d4 O-O 6.Be2 e5 7.O-O Nc6 8.d5 Ne7
9.Nd2 a5 10.a3 Nd7 11.Rb1 f5 12.b4 axb4 13.axb4 Kh8 14.f3 Ng8 15.Qc2 Bh6
16.Nb3 Ndf6 17.Bxh6 Nxh6 18.Ra1 Rxa1 19.Rxa1 fxe4 20.Nxe4 Nxe4 21.fxe4 Qh4
22.g3 Qe7 23.Rf1  1/2-1/2

[Event "Arnold Cup"]
[Site "Gausdal"]
[Date "1990.??.??"]
[Round "2"]
[White "Ostenstad, Berge"]
[Black "Degerman, Lars"]
[Result "1/2-1/2"]
[WhiteElo "2410"]
[BlackElo "2385"]

1.d4 Nf6 2.c4 g6 3.Nc3 Bg7 4.e4 d6 5.Nf3 O-O 6.Be2 e5 7.O-O Nc6 8.d5 Ne7
9.Nd2 a5 10.Rb1 Nd7 11.a3 f5 12.b4 Kh8 13.f3 Ng8 14.Qc2 Bh6 15.Bb2 Ndf6 16.c5 Bxd2
17.Qxd2 fxe4 18.fxe4 Bd7 19.Qc2 axb4 20.axb4 Qe7 21.cxd6 cxd6 22.Bc1 Bg4
23.Bd3 Nh5 24.Be3 Rac8 25.Rxf8 Qxf8 26.Rf1 Qe7 27.Qd2 Bd7 28.Bg5 Nhf6 29.Ne2 Kg7
30.Rc1 h6 31.Rxc8 Bxc8 32.Qc1 Bg4 33.Bxf6+ Nxf6 34.Ng3 Qd8 35.Qe3 Qc7 36.h3 Bd7
37.Ne2 Ba4 38.Kh2 Bd1 39.Qc1 Qxc1 40.Nxc1 Kf7 41.Na2 Ba4 42.Nc3 Be8 43.Be2 Ke7  1/2-1/2

[Event "Gausdal Int"]
[Site "Gausdal"]
[Date "1990.??.??"]
[Round "4"]
[White "Ostenstad, Berge"]
[Black "Storland, Knut H"]
[Result "1-0"]
[WhiteElo "2425"]
[BlackElo "2205"]

1.d4 Nf6 2.c4 g6 3.Nc3 Bg7 4.e4 d6 5.Nf3 O-O 6.Be2 e5 7.O-O Nc6 8.d5 Ne7
9.Nd2 c5 10.Rb1 Ne8 11.b4 b6 12.bxc5 dxc5 13.a4 Nd6 14.a5 Bd7 15.Qb3 Nec8
16.Ra1 Rb8 17.axb6 axb6 18.Qc2 f5 19.f3 f4 20.Bb2 g5 21.Nd1 h5 22.Nf2 Kh7
23.Bc3 Qc7 24.Rfb1 Rg8 25.Qb2 Nf7 26.Bd1 Bf8 27.h3 Bd6 28.Ba4 Bxa4 29.Rxa4 Nh6
30.Nd3 Nf7 31.Kf2 Qe7 32.Rh1 Kg7 33.Ke2 Kf8 34.Nf2 Qd7 35.Qa2 Qb7 36.Rb1 Kg7
37.Qa1 Qe7 38.Nb3 Rd8 39.Nc1 Rd7 40.Ncd3 Rdb7 41.h4 Kh6 42.hxg5+ Qxg5 43.g3 Qxg3  1-0

[Event "Gausdal Int"]
[Site "Gausdal"]
[Date "1990.??.??"]
[Round "5"]
[White "Hjelmaas, Lars"]
[Black "Kourkounakis, Ilias"]
[Result "0-1"]
[WhiteElo "2225"]
[BlackElo "2355"]

1.d4 Nf6 2.c4 g6 3.Nc3 Bg7 4.e4 O-O 5.Be2 d6 6.Nf3 e5 7.O-O Nc6 8.d5 Ne7
9.Ne1 Nd7 10.Nd3 f5 11.Bd2 Nf6 12.f3 f4 13.g4 c5 14.a3 Ne8 15.b4 b6 16.bxc5 bxc5
17.Rb1 Bf6 18.Qe1 h5 19.h3 Kg7 20.Kg2 Ng8 21.Bd1 Bh4 22.Nf2 Nh6 23.Rh1 Qg5
24.Kf1 hxg4 25.hxg4 Rh8 26.Ba4 Nf6 27.Nh3 Bxe1 28.Bxe1 Nf7 29.Nxg5 Rxh1+
30.Kf2 Nxg5 31.Bc6 Bxg4 32.Bxa8 Rh2+ 33.Kg1 Nxf3+ 34.Kf1 Bh3+  0-1

[Event "Gausdal Int"]
[Site "Gausdal"]
[Date "1990.??.??"]
[Round "8"]
[White "Carlhammar, Magnus"]
[Black "Mortensen, Erling"]
[Result "0-1"]
[WhiteElo "2260"]
[BlackElo "2485"]

1.d4 g6 2.c4 Bg7 3.e4 d6 4.Nc3 Nf6 5.Be2 O-O 6.Nf3 e5 7.O-O Nc6 8.d5 Ne7
9.Nd2 a5 10.a3 Nd7 11.Rb1 f5 12.b4 Kh8 13.f3 Ng8 14.c5 axb4 15.axb4 dxc5
16.bxc5 Nxc5 17.Nb3 Qe7 18.Be3 Nxb3 19.Qxb3 Nf6 20.Qc4 b6 21.Ra1 Bd7 22.Rfc1 Qd6
23.Bd3 f4 24.Bf2 g5 25.Nb5 Bxb5 26.Qxb5 g4 27.Rxa8 Rxa8 28.Qc6 Qxc6 29.Rxc6 gxf3
30.gxf3 Ne8 31.Re6 Kg8 32.Bh4 Nd6 33.Re7 Ra3 34.Be2 Rc3 35.Rd7 Bf8 36.Bf6 Nf7
37.h4 h5 38.Bf1 Rxf3 39.Be2  0-1

[Event "Peer Gynt"]
[Site "Gausdal"]
[Date "1990.??.??"]
[Round "9"]
[White "Burgess, Graham"]
[Black "Kourkounakis, Ilias"]
[Result "0-1"]
[WhiteElo "2335"]
[BlackElo "2355"]

1.d4 Nf6 2.c4 g6 3.Nc3 Bg7 4.e4 O-O 5.Nf3 d6 6.Be2 e5 7.O-O Nc6 8.d5 Ne7
9.Bg5 h6 10.Bxf6 Bxf6 11.b4 Bg7 12.c5 f5 13.Rc1 a6 14.a4 Kh8 15.Nd2 Ng8 16.a5 Nf6
17.Bd3 c6 18.Nc4 cxd5 19.exd5 e4 20.Bb1 Ne8 21.Kh1 Bd7 22.Nb6 Rb8 23.f3 Be5
24.Qd2 Rf7 25.Qxh6+ Kg8 26.f4 Bd4 27.Ne2 Be3 28.Rc3 Bd2 29.Rg3 Bxb4 30.Rxg6+ Ng7
31.Ng3 Bxc5 32.Nxd7 Qxd7 33.Nh5 Bd4 34.g4 Qb5 35.Ng3 e3 36.Bxf5 Rxf5 37.gxf5 Qxd5+
38.Ne4 Qxe4+ 39.Rg2 Rf8 40.Qxd6 Rxf5 41.h3 e2 42.Re1 Rh5 43.Kh2 Qe3 44.Qd7 Qxf4+
45.Kh1 Qf1+  0-1